Ice Nine Kills song inspirations - Statistics

General Stats
  • This quiz has been taken 104 times
    92 since last reset
  • The average score is 21 of 37
Answer Stats
Hint Answer % Correct
Thank God it's Friday Friday the 13th
98%
Stabbing in the Dark Halloween
94%
It is the End It
89%
The Jig is Up Saw
89%
Assault & Batteries Child's Play
87%
Hip to be Scared American Psycho
85%
Rocking the Boat Jaws
85%
A Grave Mistake The Crow
81%
The Shower Scene Psycho
77%
Your Number's Up Scream
74%
Enjoy Your Slay The Shining
73%
Meat and Greet The Silence of the Lambs
71%
The American Nightmare A Nightmare on Elm Street
66%
Rainy Day Resident Evil
65%
F.L.Y. The Fly
65%
Savages The Texas Chainsaw Massacre
65%
Farewell II Flesh Candyman
61%
The Box Hellraiser
61%
Ex-Mortis The Evil Dead
61%
The World in my Hands Edward Scissorhands
60%
Wurst Vacation Hostel
60%
Funeral Derangements Pet Sematary
56%
Take Your Pick My Bloody Valentine
48%
Communion of the Cursed The Exorcist
47%
Merry Axe-Mas Silent Night, Deadly Night
45%
Love Bites An American Werewolf in London
39%
The Nature of the Beast Animal Farm
39%
A Rash Decision Cabin Fever
39%
Me, Myself, and Hyde The Strange Case of Dr. Jekyll and Mr. Hyde
39%
Hell in the Hallways Carrie
37%
Freak Flag The Devil's Rejects
37%
Bloodbath & Beyond Dracula
35%
Star-Crossed Enemies Romeo and Juliet
34%
The People in the Attic The Diary of Anne Frank
18%
Alice Go Ask Alice
13%
Tess-Timony Tess of the d'Urbervilles
13%
The Plot Sickens Alive: The Story of the Andes Survivors
11%
No matching quizzes found
Score Distribution
Percent of People with Each Score
Percentile by Number Answered
Your Score History
You have not taken this quiz since the last reset